000 00939nam a22002777i 4500
003 DO-SdBNP
005 20250630100925.0
007 ta
008 230601b1962 sp ||||| |||| 00| 0 spa d
040 _aDO-SdBNP
_bspa
_cBNPHU
_erda
082 4 _a972.93053
_bG158e
_222
100 1 _a Galíndez, Jesús de,
_d1915-1956
_983901
245 1 0 _aLa era de Trujillo /
_cJesús de Galíndez
264 1 _aSantiago de Chile :
_bMarymar,
_c1962.
300 _a371 páginas ;
_c22 cm.
336 _2rdacontent
_atexto
_btxt
337 _2rdamedia
_asin mediación
_bn
338 _2rdacarrier
_avolumen
_bnc
490 0 _aPoliteia ;
_v2
500 _aIncluye referencias bibliográficas y notas al pie de las páginas
590 _aInventariado, 2023/DG
650 1 0 _aDemografía
_eautor
_945443
651 0 _aRepública Dominicana
_xHistoria
_yEra de Trujillo, 1930-1961
_978796
910 _aDG/Validado. Control de calidad MFF
942 _2ddc
_cLBS1
999 _c54334
_d54334